00382nam a2200133Ia 450000500170000000800410001702000290005804000090008708200170009610000140011324500570012726000430018430000210022720221031123628.0220623s9999 xx 000 0 und d a9781875001675qHardcover c3228 aJ 635.9 GARD aGARDNER,N 0aEasy gardening: A practical and inspirational guide/ aHoheizen[Cape Town]bMetz Press,c2002 a176 pagesc26 cm